[Event "DEM U16w 2021"]
[Site "Willingen GER"]
[Date "2021.08.27"]
[Round "7"]
[White "Wagner, Margarethe"]
[Black "Kalina, Lena"]
[Result "1/2-1/2"]
[Termination "normal"]
[Board "4"]
[WhiteElo "1832"]
[BlackElo "1605"]
[WhiteClock "00:01:57"]
[BlackClock "00:00:47"]
[PlyCount "121"]
[WhiteFideId "16236947"]
[BlackFideId "12988014"]
[EventCountry "GER"]
[EventRounds "9"]
[EventType "swiss"]
[EventDate "2021.08.22"]

1. e4 {[%clk 1:30:58]} c5 {[%clk 1:30:55]} 2. Nf3 {[%clk 1:31:19]} e6 {[%clk
1:31:18]} 3. d4 {[%clk 1:31:41]} cxd4 {[%clk 1:31:42]} 4. Nxd4 Bc5 {[%clk
1:32:03]} 5. Nb3 {[%clk 1:31:00]} Bb6 {[%clk 1:32:16]} 6. Bd3 {[%clk 1:27:55]}
Ne7 {[%clk 1:30:59]} 7. Qe2 {[%clk 1:21:30]} O-O {[%clk 1:29:21]} 8. Be3 {[%clk
1:17:50]} f5 {[%clk 1:20:36]} 9. Nc3 {[%clk 1:04:58]} Nbc6 {[%clk 1:16:28]} 10.
O-O-O {[%clk 1:00:39]} Ne5 {[%clk 1:11:02]} 11. f3 {[%clk 0:53:26]} f4 {[%clk
1:03:39]} 12. Bf2 {[%clk 0:46:32]} N7c6 {[%clk 0:57:54]} 13. a3 {[%clk
0:43:32]} a5 {[%clk 0:49:40]} 14. Bb5 {[%clk 0:37:24]} Bxf2 {[%clk 0:45:11]}
15. Qxf2 {[%clk 0:37:33]} b6 {[%clk 0:38:55]} 16. Na4 {[%clk 0:29:06]} Rb8
{[%clk 0:34:15]} 17. Nd4 {[%clk 0:25:59]} Qc7 {[%clk 0:29:57]} 18. Be2 {[%clk
0:20:27]} Na7 {[%clk 0:21:46]} 19. Nb5 {[%clk 0:16:55]} Nxb5 {[%clk 0:20:03]}
20. Bxb5 {[%clk 0:17:18]} d6 {[%clk 0:15:33]} 21. Qd2 {[%clk 0:13:22]} Bd7
{[%clk 0:09:28]} 22. Bxd7 {[%clk 0:12:12]} Qxd7 {[%clk 0:08:14]} 23. Qxd6
{[%clk 0:11:35]} Qxd6 {[%clk 0:06:23]} 24. Rxd6 {[%clk 0:11:57]} b5 {[%clk
0:05:39]} 25. Nc5 {[%clk 0:07:46]} Rbc8 {[%clk 0:04:47]} 26. Nxe6 {[%clk
0:03:16]} Rf6 {[%clk 0:04:28]} 27. Rd8+ {[%clk 0:02:12]} Rxd8 {[%clk 0:04:54]}
28. Nxd8 {[%clk 0:02:38]} Rg6 {[%clk 0:05:15]} 29. Nb7 {[%clk 0:02:08]} a4
{[%clk 0:04:43]} 30. Rg1 {[%clk 0:01:33]} Nxf3 {[%clk 0:04:32]} 31. Rf1 {[%clk
0:01:55]} Nd4 {[%clk 0:04:41]} 32. Rf2 {[%clk 0:01:50]} Re6 {[%clk 0:04:31]}
33. Nc5 {[%clk 0:01:53]} Re5 {[%clk 0:04:37]} 34. Rd2 {[%clk 0:01:28]} Nc6
{[%clk 0:04:24]} 35. Rd5 {[%clk 0:01:37]} Re7 {[%clk 0:02:21]} 36. Kd2 {[%clk
0:01:41]} Ne5 {[%clk 0:01:48]} 37. h3 {[%clk 0:01:40]} Kf7 {[%clk 0:00:55]} 38.
Kc3 {[%clk 0:01:35]} Kf6 {[%clk 0:00:52]} 39. Kb4 {[%clk 0:01:26]} Nc4 {[%clk
0:00:38]} 40. b3 {[%clk 0:01:19]} Ne3 {[%clk 0:00:53]} 41. Rd2 {[%clk 0:01:01]}
axb3 {[%clk 0:29:56]} 42. cxb3 {[%clk 0:27:35]} Ra7 {[%clk 0:25:53]} 43. Ra2
{[%clk 0:23:42]} Nd1 {[%clk 0:21:20]} 44. Re2 {[%clk 0:19:50]} Ne3 {[%clk
0:18:18]} 45. a4 {[%clk 0:12:46]} bxa4 {[%clk 0:17:05]} 46. bxa4 {[%clk
0:12:53]} Ke5 {[%clk 0:12:55]} 47. a5 {[%clk 0:10:57]} Kd6 {[%clk 0:11:48]} 48.
a6 {[%clk 0:05:14]} Kc6 {[%clk 0:10:13]} 49. Rd2 {[%clk 0:04:40]} g5 {[%clk
0:06:56]} 50. Ra2 {[%clk 0:02:48]} Kb6 {[%clk 0:05:11]} 51. Re2 {[%clk
0:00:52]} Kc6 {[%clk 0:03:48]} 52. g3 {[%clk 0:00:59]} Rf7 {[%clk 0:02:19]} 53.
gxf4 {[%clk 0:01:05]} gxf4 {[%clk 0:02:39]} 54. Rf2 {[%clk 0:01:25]} f3 {[%clk
0:02:10]} 55. Nd3 {[%clk 0:01:25]} Kb6 {[%clk 0:00:48]} 56. Ne5 Rf4 {[%clk
0:00:44]} 57. Nc4+ {[%clk 0:01:00]} Nxc4 {[%clk 0:00:56]} 58. Kxc4 {[%clk
0:01:26]} Rxe4+ {[%clk 0:00:50]} 59. Kd3 Ra4 {[%clk 0:00:37]} 60. Rxf3 {[%clk
0:01:57]} Kxa6 {[%clk 0:00:47]} 61. Ke4 1/2-1/2

[Event "DEM U16w 2021"]
[Site "Willingen GER"]
[Date "2021.08.27"]
[Round "7"]
[White "Cordes, Jule"]
[Black "Heutling, Elina"]
[Result "1/2-1/2"]
[Termination "normal"]
[Board "5"]
[WhiteElo "1790"]
[BlackElo "1919"]
[WhiteClock "00:14:25"]
[BlackClock "00:09:13"]
[PlyCount "95"]
[WhiteFideId "1060708"]
[BlackFideId "16244729"]
[EventCountry "GER"]
[EventRounds "9"]
[EventType "swiss"]
[EventDate "2021.08.22"]

1. d4 {[%clk 1:30:54]} f5 {[%clk 1:30:50]} 2. c4 {[%clk 1:31:15]} Nf6 {[%clk
1:30:37]} 3. Nc3 {[%clk 1:31:27]} g6 {[%clk 1:30:51]} 4. Nf3 {[%clk 1:31:31]}
Bg7 {[%clk 1:31:07]} 5. Bg5 {[%clk 1:31:24]} d6 {[%clk 1:30:28]} 6. e3 {[%clk
1:31:05]} O-O {[%clk 1:30:23]} 7. Be2 {[%clk 1:29:42]} Nc6 {[%clk 1:24:42]} 8.
O-O {[%clk 1:28:30]} h6 {[%clk 1:22:43]} 9. Bh4 {[%clk 1:28:26]} Qe8 {[%clk
1:16:20]} 10. d5 {[%clk 1:20:09]} Nd8 {[%clk 1:05:55]} 11. Nd4 {[%clk 1:04:09]}
e5 {[%clk 0:58:08]} 12. dxe6 {[%clk 1:03:40]} Nxe6 {[%clk 0:51:49]} 13. Nxe6
{[%clk 0:59:00]} Bxe6 {[%clk 0:49:45]} 14. Qb3 {[%clk 0:57:00]} Qc6 {[%clk
0:40:37]} 15. Rfd1 {[%clk 0:54:59]} g5 {[%clk 0:36:00]} 16. Bg3 {[%clk
0:55:09]} Ne4 {[%clk 0:32:03]} 17. Nd5 {[%clk 0:40:08]} Bxd5 {[%clk 0:25:39]}
18. Rxd5 {[%clk 0:37:22]} Kh8 {[%clk 0:22:27]} 19. Qc2 {[%clk 0:32:46]} Rae8
{[%clk 0:18:07]} 20. Bf3 {[%clk 0:25:39]} a6 {[%clk 0:16:53]} 21. Qb3 {[%clk
0:21:39]} g4 {[%clk 0:12:22]} 22. Be2 {[%clk 0:18:16]} Nc5 {[%clk 0:10:43]} 23.
Qc2 {[%clk 0:16:25]} Qa4 {[%clk 0:06:59]} 24. Rd2 {[%clk 0:15:13]} Qb4 {[%clk
0:05:24]} 25. Rb1 {[%clk 0:13:31]} Ne4 {[%clk 0:03:42]} 26. Rd5 {[%clk
0:10:06]} c6 {[%clk 0:03:15]} 27. Rd3 {[%clk 0:09:57]} b5 {[%clk 0:02:44]} 28.
Rdd1 {[%clk 0:08:09]} a5 {[%clk 0:01:41]} 29. Qb3 {[%clk 0:05:00]} Qxb3 {[%clk
0:01:00]} 30. axb3 {[%clk 0:05:29]} Nxg3 {[%clk 0:00:54]} 31. hxg3 {[%clk
0:05:50]} bxc4 {[%clk 0:00:52]} 32. bxc4 {[%clk 0:01:45]} Rf6 {[%clk 0:00:46]}
33. Ra1 {[%clk 0:01:47]} Rfe6 {[%clk 0:00:46]} 34. Rxa5 {[%clk 0:01:35]} Re5
{[%clk 0:00:41]} 35. Ra6 {[%clk 0:01:28]} Rb8 {[%clk 0:00:44]} 36. Rd2 {[%clk
0:01:12]} Rc5 {[%clk 0:00:53]} 37. Ra2 {[%clk 0:01:04]} Be5 {[%clk 0:00:53]}
38. Kh2 {[%clk 0:00:41]} Kg7 {[%clk 0:00:51]} 39. Ra7+ {[%clk 0:00:44]} Kg6
{[%clk 0:00:53]} 40. Ra2 {[%clk 0:00:48]} Rb3 {[%clk 0:00:48]} 41. Rd3 {[%clk
0:29:21]} Rb4 {[%clk 0:20:25]} 42. b3 {[%clk 0:26:31]} h5 {[%clk 0:16:29]} 43.
Kg1 {[%clk 0:22:27]} d5 {[%clk 0:08:25]} 44. cxd5 {[%clk 0:21:26]} cxd5 {[%clk
0:08:47]} 45. Rad2 {[%clk 0:14:42]} Bc3 {[%clk 0:08:31]} 46. Rxd5 {[%clk
0:14:04]} Bxd2 {[%clk 0:08:49]} 47. Rxc5 {[%clk 0:14:25]} Rxb3 {[%clk 0:09:13]}
48. Rd5 1/2-1/2

[Event "DEM U16w 2021"]
[Site "Willingen GER"]
[Date "2021.08.27"]
[Round "7"]
[White "Becker, Linda"]
[Black "Werner, Rosalie"]
[Result "1-0"]
[Termination "normal"]
[Board "6"]
[WhiteElo "1674"]
[BlackElo "1741"]
[WhiteClock "00:07:02"]
[BlackClock "00:05:48"]
[PlyCount "55"]
[WhiteFideId "16244753"]
[BlackFideId "16223748"]
[EventCountry "GER"]
[EventRounds "9"]
[EventType "swiss"]
[EventDate "2021.08.22"]

1. e4 {[%clk 1:30:58]} d5 {[%clk 1:30:55]} 2. exd5 {[%clk 1:31:12]} Qxd5 {[%clk
1:31:20]} 3. Nc3 {[%clk 1:31:14]} Qd8 {[%clk 1:31:23]} 4. d4 {[%clk 1:30:43]}
g6 {[%clk 1:31:22]} 5. Be3 {[%clk 1:29:46]} Bg7 {[%clk 1:30:50]} 6. Qd2 {[%clk
1:26:59]} Nf6 {[%clk 1:28:11]} 7. Be2 {[%clk 1:23:30]} O-O {[%clk 1:26:26]} 8.
O-O-O {[%clk 1:22:34]} Re8 {[%clk 1:10:51]} 9. h4 {[%clk 1:15:35]} h5 {[%clk
0:55:52]} 10. f3 {[%clk 1:08:08]} Bf5 {[%clk 0:49:26]} 11. Nh3 {[%clk 1:00:27]}
Qc8 {[%clk 0:45:57]} 12. Nf2 {[%clk 0:55:12]} Na6 {[%clk 0:36:42]} 13. g4
{[%clk 0:48:12]} Bd7 {[%clk 0:32:27]} 14. Rdg1 {[%clk 0:44:56]} Kh7 {[%clk
0:26:44]} 15. gxh5 {[%clk 0:42:35]} Nxh5 {[%clk 0:25:34]} 16. f4 {[%clk
0:40:31]} Bf5 {[%clk 0:23:35]} 17. Bxh5 {[%clk 0:35:39]} gxh5 {[%clk 0:23:42]}
18. Rg5 {[%clk 0:35:38]} Bh6 {[%clk 0:17:37]} 19. Rg3 {[%clk 0:28:44]} Rg8
{[%clk 0:15:07]} 20. Rhg1 {[%clk 0:26:37]} Qd7 {[%clk 0:14:13]} 21. Qe2 {[%clk
0:21:32]} Bg6 {[%clk 0:13:30]} 22. Nfe4 {[%clk 0:15:48]} f6 {[%clk 0:12:06]}
23. Kb1 {[%clk 0:13:33]} Qe6 {[%clk 0:10:44]} 24. d5 {[%clk 0:12:53]} Qf5
{[%clk 0:10:01]} 25. Qd3 {[%clk 0:09:59]} Rad8 {[%clk 0:09:46]} 26. Qc4 {[%clk
0:07:51]} Bf7 {[%clk 0:06:53]} 27. Qd3 {[%clk 0:07:11]} Nb4 {[%clk 0:05:48]}
28. Nxf6+ {[%clk 0:07:02]} 1-0

[Event "DEM U16w 2021"]
[Site "Willingen GER"]
[Date "2021.08.27"]
[Round "7"]
[White "Schneider, Anna"]
[Black "Jacobasch, Ronja"]
[Result "1-0"]
[Termination "normal"]
[Board "7"]
[WhiteElo "1686"]
[BlackElo "1421"]
[WhiteClock "00:25:57"]
[BlackClock "00:00:31"]
[PlyCount "51"]
[WhiteFideId "16200527"]
[BlackFideId "34604340"]
[EventCountry "GER"]
[EventRounds "9"]
[EventType "swiss"]
[EventDate "2021.08.22"]

1. e4 {[%clk 1:30:56]} d6 {[%clk 1:30:55]} 2. Bc4 {[%clk 1:31:20]} Nf6 {[%clk
1:31:12]} 3. d3 {[%clk 1:31:39]} g6 {[%clk 1:31:09]} 4. f4 {[%clk 1:31:46]} Bg7
{[%clk 1:31:05]} 5. a3 {[%clk 1:30:56]} O-O {[%clk 1:29:40]} 6. Ba2 {[%clk
1:30:22]} Nbd7 {[%clk 1:22:11]} 7. Nf3 {[%clk 1:29:23]} e5 {[%clk 1:19:39]} 8.
f5 {[%clk 1:27:47]} Kh8 {[%clk 1:09:50]} 9. Ng5 {[%clk 1:21:59]} Kg8 {[%clk
0:57:31]} 10. fxg6 {[%clk 1:16:33]} hxg6 {[%clk 0:56:37]} 11. O-O {[%clk
1:14:18]} Nb6 {[%clk 0:51:46]} 12. Qe1 {[%clk 1:06:06]} Bh6 {[%clk 0:24:47]}
13. Nxf7 {[%clk 1:00:56]} Rxf7 {[%clk 0:24:38]} 14. Bxf7+ {[%clk 1:00:28]} Kg7
{[%clk 0:23:23]} 15. Bxh6+ {[%clk 0:59:05]} Kxh6 {[%clk 0:23:26]} 16. Qh4+
{[%clk 0:54:20]} Kg7 {[%clk 0:23:31]} 17. Ba2 {[%clk 0:51:38]} Bd7 {[%clk
0:18:53]} 18. Nd2 {[%clk 0:47:07]} Qe7 {[%clk 0:15:40]} 19. Rf3 {[%clk
0:43:40]} Rh8 {[%clk 0:11:39]} 20. Qf2 {[%clk 0:41:50]} Bg4 {[%clk 0:10:05]}
21. Rg3 {[%clk 0:38:29]} Rf8 {[%clk 0:08:21]} 22. Rf1 {[%clk 0:37:07]} a6
{[%clk 0:04:46]} 23. h3 {[%clk 0:33:41]} Bh5 {[%clk 0:03:12]} 24. Re3 {[%clk
0:28:28]} Nbd7 {[%clk 0:01:26]} 25. Qh4 {[%clk 0:26:11]} g5 {[%clk 0:00:31]}
26. Qxg5+ {[%clk 0:25:57]} 1-0

[Event "DEM U16w 2021"]
[Site "Willingen GER"]
[Date "2021.08.27"]
[Round "7"]
[White "Zöllner, Bente"]
[Black "Petersen, Sophie"]
[Result "0-1"]
[Termination "normal"]
[Board "8"]
[WhiteElo "1620"]
[BlackElo "1515"]
[WhiteClock "00:28:00"]
[BlackClock "00:24:27"]
[PlyCount "112"]
[WhiteFideId "16230523"]
[BlackFideId "16229380"]
[EventCountry "GER"]
[EventRounds "9"]
[EventType "swiss"]
[EventDate "2021.08.22"]

1. d4 {[%clk 1:30:58]} Nf6 {[%clk 1:30:51]} 2. Nf3 {[%clk 1:31:18]} c5 {[%clk
1:31:12]} 3. d5 {[%clk 1:30:34]} b5 {[%clk 1:31:17]} 4. Bg5 {[%clk 1:28:44]} d6
{[%clk 1:29:59]} 5. a3 {[%clk 1:21:49]} Bb7 {[%clk 1:28:21]} 6. e4 {[%clk
1:17:57]} a6 {[%clk 1:26:18]} 7. Nbd2 {[%clk 1:15:21]} Nbd7 {[%clk 1:23:33]} 8.
Be2 {[%clk 1:13:12]} g6 {[%clk 1:18:50]} 9. O-O {[%clk 1:12:32]} Bg7 {[%clk
1:17:24]} 10. c3 {[%clk 1:06:40]} O-O {[%clk 1:15:42]} 11. a4 {[%clk 1:04:14]}
b4 {[%clk 1:11:03]} 12. cxb4 {[%clk 1:02:43]} cxb4 {[%clk 1:10:45]} 13. Bd3
{[%clk 0:53:56]} Nc5 {[%clk 1:08:51]} 14. Qe2 {[%clk 0:51:06]} h6 {[%clk
0:55:01]} 15. Bh4 {[%clk 0:48:42]} Nh5 {[%clk 0:50:55]} 16. Qe3 {[%clk
0:42:39]} Bxb2 {[%clk 0:45:14]} 17. Rab1 {[%clk 0:40:47]} Bg7 {[%clk 0:45:07]}
18. Rxb4 {[%clk 0:38:15]} a5 {[%clk 0:43:42]} 19. Rbb1 {[%clk 0:37:10]} Qd7
{[%clk 0:39:39]} 20. Bb5 {[%clk 0:35:48]} Qc7 {[%clk 0:35:11]} 21. Rfc1 {[%clk
0:34:25]} Ba6 {[%clk 0:31:59]} 22. Nb3 {[%clk 0:31:32]} Rfc8 {[%clk 0:26:03]}
23. Nxc5 {[%clk 0:27:08]} dxc5 {[%clk 0:24:18]} 24. Bc6 {[%clk 0:24:12]} Rab8
{[%clk 0:22:03]} 25. Rxb8 {[%clk 0:17:36]} Rxb8 {[%clk 0:22:08]} 26. Qxc5
{[%clk 0:17:07]} g5 {[%clk 0:20:28]} 27. Bg3 {[%clk 0:16:52]} Nxg3 {[%clk
0:20:50]} 28. hxg3 {[%clk 0:16:49]} Rb4 {[%clk 0:12:26]} 29. Qc2 {[%clk
0:11:26]} Rb2 {[%clk 0:10:44]} 30. Qd1 {[%clk 0:07:07]} Qb6 {[%clk 0:09:52]}
31. Rc2 {[%clk 0:05:49]} Rb1 {[%clk 0:09:56]} 32. Rc1 {[%clk 0:06:07]} Rb2
{[%clk 0:10:17]} 33. Nd2 {[%clk 0:04:44]} Bd4 {[%clk 0:07:58]} 34. Qe1 {[%clk
0:01:54]} Qb4 {[%clk 0:06:10]} 35. Rd1 {[%clk 0:00:41]} Bc3 {[%clk 0:05:29]}
36. Rb1 {[%clk 0:00:40]} Bxd2 {[%clk 0:05:35]} 37. Rxb2 {[%clk 0:01:04]} Bxe1
{[%clk 0:05:53]} 38. Rxb4 {[%clk 0:01:30]} axb4 {[%clk 0:06:00]} 39. a5 {[%clk
0:01:38]} b3 {[%clk 0:06:21]} 40. Ba4 {[%clk 0:02:05]} b2 {[%clk 0:06:37]} 41.
Bc2 {[%clk 0:02:25]} Bxa5 {[%clk 0:06:42]} 42. f3 {[%clk 0:01:48]} Bb6+ {[%clk
0:06:47]} 43. Kh2 {[%clk 0:02:12]} Bc4 {[%clk 0:06:41]} 44. Bb1 {[%clk
0:02:30]} Kg7 {[%clk 0:05:48]} 45. Kh3 {[%clk 0:02:10]} h5 {[%clk 0:01:02]} 46.
g4 {[%clk 0:28:50]} h4 {[%clk 0:30:25]} 47. g3 {[%clk 0:28:38]} Bf1+ {[%clk
0:27:24]} 48. Kh2 {[%clk 0:28:45]} Bf2 {[%clk 0:27:14]} 49. gxh4 {[%clk
0:28:38]} gxh4 {[%clk 0:27:13]} 50. Kh1 {[%clk 0:27:43]} h3 {[%clk 0:26:35]}
51. Kh2 {[%clk 0:27:07]} Be3 {[%clk 0:24:51]} 52. e5 {[%clk 0:26:47]} Bf4+
{[%clk 0:24:19]} 53. Kg1 {[%clk 0:27:07]} h2+ {[%clk 0:24:19]} 54. Kh1 {[%clk
0:27:33]} Be2 {[%clk 0:24:33]} 55. Be4 {[%clk 0:27:36]} b1=Q+ {[%clk 0:24:27]}
56. Bxb1 {[%clk 0:28:00]} Bxf3# 0-1

[Event "DEM U16w 2021"]
[Site "Willingen GER"]
[Date "2021.08.27"]
[Round "7"]
[White "Albayrak, Nese Pinar"]
[Black "Wörz, Ann-Sophie"]
[Result "1-0"]
[Termination "normal"]
[Board "9"]
[WhiteElo "1546"]
[BlackElo "1563"]
[WhiteClock "00:01:43"]
[BlackClock "00:00:31"]
[PlyCount "75"]
[WhiteFideId "16255259"]
[BlackFideId "16265890"]
[EventCountry "GER"]
[EventRounds "9"]
[EventType "swiss"]
[EventDate "2021.08.22"]

1. e4 {[%clk 1:30:58]} d6 {[%clk 1:30:56]} 2. d4 {[%clk 1:31:23]} Nf6 {[%clk
1:31:21]} 3. Nc3 {[%clk 1:31:47]} g6 {[%clk 1:31:43]} 4. f4 {[%clk 1:32:07]}
Bg7 {[%clk 1:31:58]} 5. Nf3 {[%clk 1:31:39]} O-O {[%clk 1:31:36]} 6. Bd3 {[%clk
1:30:50]} Na6 {[%clk 1:30:53]} 7. a3 {[%clk 1:26:56]} c5 {[%clk 1:29:53]} 8.
Bxa6 {[%clk 1:18:57]} cxd4 {[%clk 1:21:37]} 9. Nxd4 {[%clk 1:05:19]} bxa6
{[%clk 1:21:14]} 10. O-O {[%clk 1:00:30]} Qb6 {[%clk 1:18:16]} 11. Na4 {[%clk
0:41:27]} Qc7 {[%clk 1:10:03]} 12. Re1 {[%clk 0:37:26]} Rd8 {[%clk 1:03:38]}
13. h3 {[%clk 0:31:06]} Ne8 {[%clk 0:43:52]} 14. Be3 {[%clk 0:27:27]} Rb8
{[%clk 0:42:43]} 15. Rb1 {[%clk 0:25:02]} Rb7 {[%clk 0:28:27]} 16. Nc3 {[%clk
0:22:47]} e6 {[%clk 0:28:30]} 17. Qe2 {[%clk 0:21:59]} Rb8 {[%clk 0:27:04]} 18.
Qf2 {[%clk 0:19:49]} Rd7 {[%clk 0:18:06]} 19. f5 {[%clk 0:15:16]} e5 {[%clk
0:13:44]} 20. Nd5 {[%clk 0:14:21]} exd4 {[%clk 0:10:56]} 21. Nxc7 {[%clk
0:15:06]} dxe3 {[%clk 0:11:55]} 22. Qxe3 {[%clk 0:14:28]} Rxc7 {[%clk 0:11:50]}
23. fxg6 {[%clk 0:12:19]} fxg6 {[%clk 0:11:52]} 24. b4 {[%clk 0:11:06]} Rb6
{[%clk 0:09:14]} 25. Rf1 {[%clk 0:10:22]} Be6 {[%clk 0:08:25]} 26. Kh1 {[%clk
0:07:31]} Rxc2 {[%clk 0:06:13]} 27. Rbc1 {[%clk 0:06:39]} Rc7 {[%clk 0:04:26]}
28. Rxc7 {[%clk 0:06:35]} Nxc7 {[%clk 0:04:55]} 29. Qg5 {[%clk 0:05:08]} Rb8
{[%clk 0:02:01]} 30. Qe7 {[%clk 0:05:22]} Rc8 {[%clk 0:01:57]} 31. Qxd6 {[%clk
0:04:47]} Bf8 {[%clk 0:01:47]} 32. Qe5 {[%clk 0:04:06]} Bg7 {[%clk 0:01:32]}
33. Qd6 {[%clk 0:04:24]} Bf8 {[%clk 0:01:58]} 34. Qd4 {[%clk 0:03:26]} Nb5
{[%clk 0:01:45]} 35. Qe5 {[%clk 0:03:26]} Nc7 {[%clk 0:00:40]} 36. Rc1 {[%clk
0:02:02]} Bg7 {[%clk 0:00:35]} 37. Qa5 {[%clk 0:01:43]} Be5 {[%clk 0:00:31]}
38. Qxe5 1-0

[Event "DEM U16w 2021"]
[Site "Willingen GER"]
[Date "2021.08.27"]
[Round "7"]
[White "Margaryan, Susanna"]
[Black "Derling, Charlotte"]
[Result "1/2-1/2"]
[Termination "normal"]
[Board "10"]
[WhiteElo "1494"]
[BlackElo "1432"]
[WhiteClock "00:42:44"]
[BlackClock "00:21:10"]
[PlyCount "45"]
[WhiteFideId "16268210"]
[BlackFideId "16222237"]
[EventCountry "GER"]
[EventRounds "9"]
[EventType "swiss"]
[EventDate "2021.08.22"]

1. d4 {[%clk 1:30:53]} d5 {[%clk 1:30:49]} 2. Nf3 {[%clk 1:30:55]} Nf6 {[%clk
1:30:35]} 3. Bf4 {[%clk 1:31:17]} e6 {[%clk 1:30:21]} 4. e3 {[%clk 1:31:18]}
Bd6 {[%clk 1:30:07]} 5. Bxd6 {[%clk 1:31:40]} Qxd6 {[%clk 1:30:23]} 6. c3
{[%clk 1:31:35]} O-O {[%clk 1:26:13]} 7. Bd3 {[%clk 1:29:37]} Nc6 {[%clk
1:23:28]} 8. O-O {[%clk 1:29:14]} e5 {[%clk 1:21:41]} 9. dxe5 {[%clk 1:27:03]}
Nxe5 {[%clk 1:18:43]} 10. Nxe5 {[%clk 1:27:16]} Qxe5 {[%clk 1:18:50]} 11. Re1
{[%clk 1:25:14]} Bf5 {[%clk 1:10:27]} 12. Bxf5 {[%clk 1:22:11]} Qxf5 {[%clk
1:10:44]} 13. Nd2 {[%clk 1:21:13]} Rfe8 {[%clk 1:06:21]} 14. Qb3 {[%clk
1:15:59]} b6 {[%clk 0:58:25]} 15. Nf3 {[%clk 1:14:01]} c5 {[%clk 0:55:09]} 16.
a4 {[%clk 1:12:19]} Rab8 {[%clk 0:48:48]} 17. Qd1 {[%clk 1:02:49]} Qd7 {[%clk
0:39:41]} 18. b4 {[%clk 0:59:32]} c4 {[%clk 0:33:24]} 19. Nd4 {[%clk 0:55:38]}
a6 {[%clk 0:30:39]} 20. a5 {[%clk 0:51:20]} b5 {[%clk 0:27:42]} 21. Qf3 {[%clk
0:46:06]} Rbd8 {[%clk 0:23:32]} 22. h3 {[%clk 0:44:13]} Ne4 {[%clk 0:21:10]}
23. Rac1 {[%clk 0:42:44]} 1/2-1/2

[Event "DEM U16w 2021"]
[Site "Willingen GER"]
[Date "2021.08.27"]
[Round "7"]
[White "Hafermann, Lara"]
[Black "Krause, Ricarda Sophie"]
[Result "1/2-1/2"]
[Termination "normal"]
[Board "11"]
[WhiteElo "1349"]
[BlackElo "1474"]
[WhiteClock "00:12:03"]
[BlackClock "00:04:56"]
[PlyCount "80"]
[WhiteFideId "16298306"]
[BlackFideId "16282930"]
[EventCountry "GER"]
[EventRounds "9"]
[EventType "swiss"]
[EventDate "2021.08.22"]

1. e4 {[%clk 1:30:57]} e5 {[%clk 1:30:55]} 2. Nf3 {[%clk 1:31:18]} Nc6 {[%clk
1:31:16]} 3. Bc4 {[%clk 1:31:35]} Nf6 {[%clk 1:31:33]} 4. d4 {[%clk 1:31:32]}
exd4 {[%clk 1:28:54]} 5. O-O {[%clk 1:31:42]} Bc5 {[%clk 1:22:31]} 6. e5 {[%clk
1:29:08]} d5 {[%clk 1:21:08]} 7. Bb5 {[%clk 1:17:25]} Ne4 {[%clk 1:19:02]} 8.
Nxd4 {[%clk 1:12:01]} Bd7 {[%clk 1:18:03]} 9. Nxc6 {[%clk 1:07:58]} bxc6 {[%clk
1:11:47]} 10. Bd3 {[%clk 1:06:55]} Ng5 {[%clk 1:04:15]} 11. Re1 {[%clk
0:58:59]} O-O {[%clk 0:53:25]} 12. Qh5 {[%clk 0:51:22]} h6 {[%clk 0:51:51]} 13.
h4 {[%clk 0:46:07]} Ne4 {[%clk 0:29:46]} 14. Bxe4 {[%clk 0:43:27]} dxe4 {[%clk
0:30:11]} 15. e6 {[%clk 0:42:51]} Bxf2+ {[%clk 0:16:09]} 16. Kxf2 {[%clk
0:43:09]} Qf6+ {[%clk 0:16:16]} 17. Kg1 {[%clk 0:42:40]} Qd4+ {[%clk 0:15:37]}
18. Kh1 {[%clk 0:38:48]} Qf2 {[%clk 0:14:20]} 19. Qe2 {[%clk 0:34:08]} Qxh4+
{[%clk 0:12:13]} 20. Kg1 {[%clk 0:34:32]} Bxe6 {[%clk 0:10:30]} 21. Qxe4 {[%clk
0:33:35]} Qh5 {[%clk 0:09:11]} 22. Qxc6 {[%clk 0:27:59]} Rad8 {[%clk 0:08:52]}
23. Nc3 {[%clk 0:27:28]} Rfe8 {[%clk 0:07:28]} 24. Bf4 {[%clk 0:23:40]} Qg4
{[%clk 0:05:57]} 25. Qf3 {[%clk 0:23:10]} Qf5 {[%clk 0:03:37]} 26. Bxc7 {[%clk
0:22:30]} Qc5+ {[%clk 0:03:42]} 27. Qf2 {[%clk 0:19:26]} Qxc7 {[%clk 0:04:01]}
28. a3 {[%clk 0:19:12]} Qb6 {[%clk 0:03:54]} 29. Qxb6 {[%clk 0:18:41]} axb6
{[%clk 0:04:23]} 30. Nb5 {[%clk 0:15:26]} Rd2 {[%clk 0:03:38]} 31. Nc7 {[%clk
0:14:32]} Re7 {[%clk 0:03:49]} 32. Nxe6 {[%clk 0:14:48]} Rxe6 {[%clk 0:03:58]}
33. Rxe6 {[%clk 0:15:06]} fxe6 {[%clk 0:04:27]} 34. Rc1 {[%clk 0:15:31]} Kf7
{[%clk 0:04:51]} 35. b4 {[%clk 0:15:34]} Ke7 {[%clk 0:04:54]} 36. c4 {[%clk
0:15:22]} Ra2 {[%clk 0:04:54]} 37. Rc3 {[%clk 0:15:46]} Kd6 {[%clk 0:04:17]}
38. c5+ {[%clk 0:12:09]} bxc5 {[%clk 0:04:24]} 39. bxc5+ {[%clk 0:11:54]} Kc6
{[%clk 0:04:47]} 40. Kh2 {[%clk 0:12:03]} e5 {[%clk 0:04:56]} 1/2-1/2